| 000 | 00549nam a22001697a 4500 | ||
|---|---|---|---|
| 005 | 20231108091103.0 | ||
| 008 | 231108b |||||||| |||| 00| 0 eng d | ||
| 020 | _a0702128058 | ||
| 041 | _aEnglish | ||
| 082 | _a346.3 VIS | ||
| 100 |
_aVisser, PJ and Potgieter, JM _lEnglish |
||
| 245 |
_aLaw of Damages Thorugh the Cases / _cPJ Visser and JM Potgieter |
||
| 260 |
_aCape Town : _bJuta and Company Ltd, _c1993 |
||
| 300 |
_bxxviii, 527 pages ; _c25,5 cm. |
||
| 650 |
_aLegal practice _bLaw |
||
| 942 |
_cBK _6ALISON_BN_VRIES |
||
| 999 |
_c408 _d408 |
||